AU LIBRARIES
Centralized Library System Across Seven Campuses

Economic Survey 2001-2002 (Record no. 47235)

MARC details
000 -LEADER
fixed length control field 00393nam a22001337a 4500
005 - DATE AND TIME OF LATEST TRANSACTION
control field 20260407123050.0
008 - FIXED-LENGTH DATA ELEMENTS--GENERAL INFORMATION
fixed length control field 260407b |||||||| |||| 00| 0 eng d
082 ## - DEWEY DECIMAL CLASSIFICATION NUMBER
Classification number 330.95491
Author Mark ECO-S
245 ## - TITLE STATEMENT
Title Economic Survey 2001-2002
260 ## - PUBLICATION, DISTRIBUTION, ETC.
Place of Publication Pakistan
Name of publisher, distributor, etc. Governemnt of Pakistan Economic Advisor's Wing Finance Division
Date of publication, distribution, etc. 2002
300 ## - PHYSICAL DESCRIPTION
Pages xxvi, 179 p.
650 ## - SUBJECT ADDED ENTRY--TOPICAL TERM
Subject / Department Management Science
942 ## - ADDED ENTRY ELEMENTS (KOHA)
Koha item type Book
Holdings
Withdrawn status Lost status Damaged status Not for loan Collection code Permanent Location Current Location Shelving Location Date acquired Source of acquisition Total Checkouts Full Call Number Accession No./Barcode Date last seen Koha item type
        Management Science Air University H-11 Campus Islamabad Air University H-11 Campus Islamabad Economics 04/07/2026 Gifted By Dr. Salman Hasan   330.95491 ECO-S AUHEG0011 04/07/2026 Book
        Management Science Air University H-11 Campus Islamabad Air University H-11 Campus Islamabad Economics 04/07/2026 Gifted By Dr. Salman Hasan   330.95491 ECO-S AUHEG0012 04/07/2026 Book
        Management Science Air University H-11 Campus Islamabad Air University H-11 Campus Islamabad Economics 04/07/2026 Gifted By Dr. Salman Hasan   330.95491 ECO-S AUHEG0013 04/07/2026 Book
Air University Sector E-9, Islamabad Pakistan
Email: librarian@au.edu.pk  Tel : +0092 51 9262612 Ext: 631